Estudio de factibilidad de un taller de reparación especializada de motores
Shranjeno v:
| Glavni avtor: | |
|---|---|
| Drugi avtorji: | |
| Format: | Knjiga |
| Izdano: |
San José, Costa Rica
1988
|
| Teme: | |
| Oznake: |
Označite
Brez oznak, prvi označite!
|
MARC
| LEADER | 00000nam a2200000Ia 4500 | ||
|---|---|---|---|
| 003 | 004712 | ||
| 005 | 20221231144342.0 | ||
| 008 | 140114s1988 cr a m 000 ||s d | ||
| 040 | |c cru CEDI | ||
| 090 | |a TFG 2169 | ||
| 100 | |a Calderón Alvarado, Héctor |9 13526 | ||
| 245 | |a Estudio de factibilidad de un taller de reparación especializada de motores | ||
| 260 | |c 1988 |a San José, Costa Rica | ||
| 300 | |a [39] hojas ; 28 cm | ||
| 500 | |a Proyecto de graduación (bachillerato en ingeniería eléctrica)--Universidad de Costa Rica. Facultad de Ingeniería. Escuela de Ingeniería Eléctrica | ||
| 650 | |x MOTORES ELECTRICOS |x MANTENIMIENTO Y REPARACION |9 13529 | ||
| 700 | |9 13528 |a Umaña Rojas, Osbaldo | ||
| 942 | |c TFG | ||
| 999 | |c 20604 |d 20604 | ||
